Welcome to the Holygrace Academy Library

Please use search bar below to get started

JACK AND THE BEANSTALK (Record no. 9112)

MARC details
000 -LEADER
fixed length control field 00308nam a22001337a 4500
082 ## - DEWEY DECIMAL CLASSIFICATION NUMBER
Classification number 823
Item number SUD/J
100 ## - MAIN ENTRY--AUTHOR NAME
Personal name SUDIP
245 ## - TITLE STATEMENT
Title JACK AND THE BEANSTALK
246 ## - VARYING FORM OF TITLE
Title proper/short title JACK AND THE BEANSTALK
Remainder of title JACK AND THE BEANSTALK
260 ## - PUBLICATION, DISTRIBUTION, ETC. (IMPRINT)
Place of publication THRISSUR
Name of publisher H&C
Year of publication 2022
300 ## - PHYSICAL DESCRIPTION
Number of Pages 48
650 ## - SUBJECT ADDED ENTRY--TOPICAL TERM
Topical Term ENGLISH STORY
942 ## - ADDED ENTRY ELEMENTS (KOHA)
Koha item type Books

No items available.